000 01352cam a22003254a 4500
999 _c2519
_d2519
001 12742950
003 OSt
005 20191118145416.0
008 020416s2003 enka b 001 0 eng
010 _a 2002067418
020 _a0521815894 (hardback)
020 _a0521017181 (paperback)
040 _aDLC
_cDLC
_dDLC
042 _apcc
050 0 0 _aQA300
_b.L517 2003
082 0 0 _a515
_221
_bLEW 2003
100 1 _aLewin, Jonathan.
_96102
245 1 3 _aAn interactive introduction to Mathematical Analysis
260 _bCambridge University Press,
_c2003.
300 _axxxii, 492 p. :
_bill. ;
_c26 cm. +
_e1 CD-ROM (4 3/4 in.)
504 _aIncludes bibliographical references (p. 480-481) and index.
538 _aSystem requirements for accompanying computer disk: Windows 95, 98, ME, NT 4.0, 2000, and XP.
650 0 _aMathematical analysis.
_92757
856 4 1 _3Sample text
_uhttp://www.loc.gov/catdir/samples/cam033/2002067418.html
856 4 1 _3Table of contents
_uhttp://www.loc.gov/catdir/toc/cam023/2002067418.html
856 4 2 _3Publisher description
_uhttp://www.loc.gov/catdir/description/cam022/2002067418.html
906 _a0
_bvip
_corignew
_d1
_eocip
_f20
_gy-gencatlg
942 _2ddc
_cSLOAN